| 000 | 00862cab a2200253 4500 | ||
|---|---|---|---|
| 001 | WB3522-37 | ||
| 008 | 090401t1999 xxu||||| |||| 00| 0 eng d | ||
| 035 | _a(Sirsi) u93841 | ||
| 041 | _aeng | ||
| 245 | _aInternet rating notification system | ||
| 260 | _c1999 | ||
| 350 | _a0 | ||
| 490 |
_aEstates Gazette _v(9925) 5 June 1999, 48(1) |
||
| 520 | _aThe Valuation Office plans to publish next year's draft rating assessment only on the internet in an attempt to cut costs. Surveyors warn that this could crash the government's website if the system cannot cope with the number of searches. | ||
| 650 | _aINTERNET | ||
| 650 | _aRATING ASSESSMENTS | ||
| 650 | _aRATING REVALUATION | ||
| 650 | _aRATING REVALUATION 2000 | ||
| 650 | _aVALUATION OFFICE | ||
| 650 | _aWEBSITES | ||
| 690 | _aRATING AND VALUATION | ||
| 942 | _n0 | ||
| 948 | _c09/06/1999 | ||
| 999 |
_c59474 _d59474 |
||